000 00613nam a2200253Ia 4500
003 OSt
005 20220912152911.0
006 a|||||r|||| 00| 0
007 ta
008 220909b |||||||| |||| 00| 0 eng d
024 _a31646
037 _cTextual
040 _aCSL
_beng
_cCSL
041 _aeng
082 _aC6:142, K3
100 _aBeer Albert C
245 0 _aGelvanomagnetic effects in semiconductors
260 _c1963
300 _ap.
_ccm.
650 _a Electrictity
650 _aSemiconductors
942 _hC6:142, K3
_cTEXL
_2CC
999 _c93442
_d93442